Introduction of linear programming problem / (Record no. 24954)

MARC details
000 -LEADER
fixed length control field 00764nam a22002057a 4500
008 - FIXED-LENGTH DATA ELEMENTS--GENERAL INFORMATION
fixed length control field 090306t xxu||||| |||| 00| 0 eng d
010 ## - LCCN (DPL NO)
LC control number ENG-93103
020 ## - INTERNATIONAL STANDARD BOOK NUMBER
Terms of availability 90.00
035 ## - SYSTEM CONTROL NUMBER
System control number EN-76636
037 ## - SOURCE OF ACQUISITION
Source of stock number/acquisition DBAD / PUB
040 ## - CATALOGING SOURCE
Original cataloging agency dpl
Language of cataloging English
082 ## - DEWEY DECIMAL CLASSIFICATION NUMBER
Classification number 519.72
100 ## - MAIN ENTRY--PERSONAL NAME
Personal name Shajitha Banu, T.
245 ## - TITLE STATEMENT
Title Introduction of linear programming problem /
Statement of responsibility, etc by T. Shajitha Banu
260 ## - PUBLICATION, DISTRIBUTION, ETC. (IMPRINT)
Place of publication, distribution, etc Madurai
Name of publisher, distributor, etc Sri Hari Printers
Date of publication, distribution, etc 2008
270 ## - ADDRESS
Address Sri Nagar, Iyyar Bangalow,
City Madurai
Postal code 625014
300 ## - PHYSICAL DESCRIPTION
Extent viii, 264p.
Dimensions 19cm (pbk)
942 ## - ADDED ENTRY ELEMENTS (KOHA)
Source of classification or shelving scheme Dewey Decimal Classification
Item type English Books
Call number suffix SHA
Classification part 519.72
Holdings
Withdrawn status Lost status Source of classification or shelving scheme Damaged status Not for loan Collection code Home library Current library Date acquired Source of acquisition Cost, normal purchase price Total Checkouts Full call number Barcode Date last seen Copy number Cost, replacement price Koha item type
    Dewey Decimal Classification   Not For Loan Non-fiction D.B.Act.Division D.B.Act.Division 06/03/2009 DBAD / PUB 90.00   519.72 SHA EN-76636 06/03/2009 1 90.00 English Books

© Delhi Public Library
Hit Counter
free hit counter